00466nam a2200181Ia 450000500170000000800410001704000190005804100120007708200160008910000190010524500540012426000270017830000110020550400190021665000150023570000230025085000110027320240322151027.0131103s9999 xx 000 0 und d aLoreto College aEnglish a155.4 bILG aIlg, Frances L aChild BehaviorcFrances L Ilg & Louise Bates Ames aNew YorkbHarperc1955 a364p.  aIncludes index aPsychology aAmes, Louise Bates aLCBED